00409nam a2200181Ia 4500008004100000020001400041050001400055100001600069245002400085245001900109260001500128260001600143260000900159300001400168300002700182300001000209500000800219170918s9999 xx 000 0 und d a439384095 bB879 1993 aBrown, Marc aD.W. rides again! / cby Marc Brown. aNew York : bScholastic, c1993 aunpaged : bcolored illustration ; c20cm. a310